000 00629nam a2200241Ia 4500
003 OSt
005 20221007105016.0
006 a|||||r|||| 00| 0
007 ta
008 221006b |||||||| |||| 00| 0 eng d
024 _a17,354
037 _cTextual
040 _aLCO
_cLCO
_beng
041 _2eng
_aeng
082 _aZ2,4, L0
100 _aAtiyah P.S
245 0 _aAccidents, Compensation & the Law
260 _aLondon
_bWeidenfeld and Nicolson UK
_c1970
300 _a633
650 _aACCIDENTS AND COMPENSATIONS
_9706421
942 _hZ2,4, L0
_cTEXL
999 _c1186917
_d1186917